| 000 | 01498nam a2200265 a 4500 | ||
|---|---|---|---|
| 001 | BRCA_8518 | ||
| 003 | FranzMayer | ||
| 005 | 20230724113146.0 | ||
| 008 | 050916s1776----sp-#######---#000-0#spa-# | ||
| 040 |
_aMFM _bspa _cMFM |
||
| 041 | _aspa | ||
| 044 | _asp | ||
| 084 |
_aBE23 _b.S47 1776 |
||
| 245 | 1 | 0 |
_aSermones de Mr. Lafitau, Obispo de Sisteron _ctraducidos del idioma francés al español por Don Francisco Jacinto de Narva. |
| 260 |
_aMadrid _bEn la Imprenta de D. Pedro Marin _c1776 |
||
| 300 |
_a[2], 275 p. (t.4) _c21 x 15 cm. |
||
| 500 | _aEstado físico : encuadernación manchada y lomo semidesprendido | ||
| 500 | _aCon marca de fuego : ´Procedencia de la marca: Convento de San Francisco de Querétaro(1). Institución: Orden de Frailes Menores. Provincia de San Pedro y San Pablo de Michoacán. Descripción: Monograma: Letras iniciales S[an] F[rancisco] D[e] Q[uerétar]o. Observaciones: David Saavedra la asigna a la Academia de Dibujo de San Fernando de Querétaro; Carlos Krausse al Colegio de Propaganda Fide de San Fernando de México. Ubicación de la marca en el libro: Canto superior, inferior y lateral´ | ||
| 600 | 1 | 4 |
_aLafitau, Pierre François, _cObispo de Sisteron _921368 |
| 650 | 1 | 4 |
_aSermones _yObras anteriores a 1800 _921369 |
| 700 | 1 |
_aNarva, Francisco Jacinto de _etr. _921370 |
|
| 856 | _ahttp://www.marcasdefuego.buap.mx:8180/xmLibris/projects/firebrand/item.jsp?repository=marcas_de_fuego&key=6faee58a.xml&num=15 | ||
| 902 | _aCFM | ||
| 942 |
_2lcc _cB |
||
| 999 |
_c8184 _d8184 |
||